00326nam a2200097Ia 4500008004100000245006900041245004400110260000900154650001400163856005100177171211s9999 xx 000 0 und d aAngel Capital: How to Raise Early-Stage Private Equity Financing cGerald A. Benjamin and Joel B. Margulis c2005 xECONOMICS uhttp://down.ebook777.com/062/9780471690634.pdf